000 00632nam a2200241Ia 4500
003 OSt
005 20220918204319.0
006 a|||||r|||| 00| 0
007 ta
008 220917b |||||||| |||| 00| 0 eng d
024 _a112,041
037 _cTextual
040 _aARTS
_cARTS
_beng
041 _2eng
_aeng
082 _aV52:1:M7, K11
100 _aSalvadori Massimo
_9110309
245 0 _aCavour and the unification of Italy
260 _c1961
490 _aAnvil original ed by Louis L Snyder
650 _aHISTORY
942 _hV52:1:M7, K11
_cTEXL
_2CC
999 _c235390
_d235390